1208 1721 1971 1198 1034 1610 1334 1859 1551 1116 1220 1836 1920 1153 1010 1290 1185 1134 1013 1266 1658 1938 1037 1456 1779 1440 1965 1153 1578 1995 1713 1807 1296 1053 1273 1358 1195 1923 1091 1822 1950 1869 1537 1798 1330 1704 1077 1940 1451 1683 1312 1655 1336 1740 1955 1297 1823 1819 1189 1475 1409 1561 1689 1860 1494 1864 1584 1313 1094 1347 1615 1954 1812 1798 1389 1520 1452 1284 1582 1281 1688 1882 1662 1191 1247 1806 1183 1300 1531 1997 1371 1719 1598 1964 1147 1256 1389 1106 1332 BCNSPRNW ULIB Ver.6.0+V

เปลี่ยนเป็นภาษาไทย

Change to English
 แสดงรายละเอียดบรรณานุกรม
  กลับหน้าหลัก

Brief Record : Get Marc (ISO 2709) : E-mail record : QR code < ปิดหน้าต่าง
LEADER : 00000nam a2200289Ia 4500
001    13399114553
003     ULIB
008    080513s2007 enk b 001 0 eng d
020    ^a780521689366
060 04 ^aWA21^bP828
245 10 ^aPublic health ethics : Key concepts and issuse in policy and parctice /^cEdited by Angus Dawson
260    ^aCambridge, U.K. :^bCambridge university press,^c2011
300    ^axv, 239 p. ;^c23 cm.
504    ^aIncludes bibliographical references and index
650  0 ^aPublic health^xMoral and ethical aspects
650  2 ^aPublic Health^xethics
945    ^p0^l0^i031642
995    ^aKesorn
999 ^a ใช้งานได้ทุกระบบ
รายการนี้ยังไม่มีแท็ก
คุณยังไม่ได้ล็อกอิน คุณสามารถมีกิจกรรมร่วมกับเว็บไซต์ได้ แต่ต้องล็อกอินก่อน ::
  ล็อกอิน

รายการสื่อสารสนเทศ

ลำดับที่ ประเภท เลขเรียก/บาร์โค้ด สถานที่ สถานะ
- ไม่พบข้อมูล -

BibComment


ยังไม่เคยถูกคอมเมนท์

คอมเมนท์ทรัพยากรรายการนี้
  คอมเมนท์: Public health et..


 Copyright 2026. Bcnsprnw @Library